000 00401nam a22001451a 4500
999 _c165213
_d165213
082 _aM1
_bVIJ/K.1
245 _aKavithayude noottandu (v.1)/
_cby Vijayan M N (ed.).
260 _aKottayam:
_bSahitya Pravartaka Co-operative Society,
_c2001.
300 _a714p.
650 _aPoetry Malayalam
650 _aLiterature Malayalam
650 _aLiterature
700 _aVijayan M N (ed.)
942 _cBK